| 000 | 01076nam a22002537a 4500 | ||
|---|---|---|---|
| 003 | OSt | ||
| 005 | 20250929160531.0 | ||
| 008 | 240319b ||||| |||| 00| 0 eng d | ||
| 040 | _c0 | ||
| 082 | _aDPer 621.381 In821 August 2022 v. 37 n. 8 | ||
| 100 |
_aLi, Mingxuan. _eauthor. _954934 |
||
| 245 |
_aPhase feedforward damping control method for virtual synchronous generators / _cMingxuan Li, Peng Yu, Weihao Hu, Yue Wang, Sirui Shu, Zhenyuan Zhang, and Frede Blaabjerg. |
||
| 260 |
_aNew York ; _bThe Institute of Electrical and Electronics Engineers, Inc. , _cAugust 2022. |
||
| 300 |
_aVolume 37, pages 9790-9806 : _billustration ; _c28 cm. |
||
| 500 | _aIEEE Transitions on Power Electronics, v. 37 n. 8, pages 9790-9806, August 2022. | ||
| 700 |
_aLi, Mingxuan. _eauthor. _954934 |
||
| 700 |
_aYu, Peng. _eauthor. _954935 |
||
| 700 |
_aHu, Weihao. _eauthor. _954936 |
||
| 700 |
_aWang, Yue. _eauthor. _954937 |
||
| 700 |
_aShu, Sirui. _eauthor. _954938 |
||
| 700 |
_aZhang, Zhenyuan. _eauthor. _954939 |
||
| 700 |
_aBlaabjerg, Frede. _eauthor. _954940 |
||
| 942 |
_2ddc _cPER |
||
| 999 |
_c19741 _d19741 |
||